Ο ρόλος του διευθυντή στην αποτελεσματική λειτουργία του δημοτικού σχολείου : η περίπτωση του νομού Λακωνίας ; διπλωματική εργασία [μεταπτυχιακή]

Αποθηκεύτηκε σε:
Λεπτομέρειες βιβλιογραφικής εγγραφής
Κύριος συγγραφέας: Κοντάκος, Παναγιώτης Θ.
Άλλοι συγγραφείς: Κόνσολας, Μάνος Ν. (Εισηγητής διατριβής), Ανδρεαδάκης, Νίκος Σ. (Εισηγητής διατριβής), Σαΐτης, Χρίστος Αθ (Εισηγητής διατριβής)
Μορφή: Thesis Βιβλίο
Γλώσσα:Greek
Δημοσίευση: Ρόδος : Πανεπιστήμιο Αιγαίου, Σχολή Ανθρωπιστικών Επιστημών, 2006.
Θέματα:
Ετικέτες: Προσθήκη ετικέτας
Δεν υπάρχουν, Καταχωρήστε ετικέτα πρώτοι!

MARC

LEADER 00000cam a2200000 i 4500
001 1/43239
008 070419s2006 gre d
035 |l 10087555 
040 |a GR-MY-UA  |b gre  |e aacr 
041 0 |a gre 
082 7 |a 371.20092   |2 (22) 
100 1 |a Κοντάκος, Παναγιώτης Θ. 
245 1 2 |a Ο ρόλος του διευθυντή στην αποτελεσματική λειτουργία του δημοτικού σχολείου :   |b η περίπτωση του νομού Λακωνίας ; διπλωματική εργασία [μεταπτυχιακή] /   |c Παναγιώτης Κοντάκος ; Χρήστος Σαϊτης (επιβλέπων) ; εξεταστική επιτροπή: Νικόλαος Ανδρεαδάκης, Εμμανουήλ Κόνσολας.  
260 |a Ρόδος :   |b Πανεπιστήμιο Αιγαίου, Σχολή Ανθρωπιστικών Επιστημών,   |c 2006.  
300 |a 90 σ. :   |b πίν., σχεδιαγρ. ;   |c 30 εκ. 
502 |a Διατριβή (μεταπτυχιακή) – Πανεπιστήμιο Αιγαίου, Ρόδος, 2006. 
504 |a Βιβλιογραφία: σ. 87- 90.  
610 2 0 |a University of the Aegean  |x Dissertations. 
650 0 |a School administrators  |z Greece  |z Lakonia. 
650 0 |a School management and organization  |z Greece  |z Lakonia. 
650 0 0 |a Education  |x Management. 
650 0 |a Educators  |z Greece  |z Lakonia. 
650 0 0 |a Dissertations, Academic  |z Greece. 
700 1 |a Κόνσολας, Μάνος Ν.  |4 ths 
700 1 |4 ths  |a Ανδρεαδάκης, Νίκος Σ. 
700 1 |4 ths  |a Σαΐτης, Χρίστος Αθ. 
852 |a INST  |b RHODES  |c DIATR  |e 20070419  |h 371.20092 ΚΟΝ  |p 005400026719  |q 005400026719  |t MTXE  |y 23 
852 |a INST  |b RHODES  |c DIATR  |e 20070419  |h 371.20092 ΚΟΝ  |p 005400026720  |q 005400026720  |t MTXE  |y 23 
901 |a BIBL4-2007-1 
909 |a Ρ  |b 127809 
909 |a Ρ  |b 127810 
924 |a ΚΟΝΤΑΚΟΣ  |b ΠΑΝΑΓΙΩΤΗΣ Θ.  |y Ρόδος  |z 2007-03 
970 |a ΜΙΣΣΟΣ  |b ΣΤΑΥΡΟΣ  |z 2007/04/19